000 00640nam a2200229 a 4500
001 19603
003 CO-ViMGA
008 141112s2004 ck r 000 u spa d
020 _a8420444308
040 _aCO-ViMGA
_bspa
_cCO-ViMGA
082 0 4 _aDAHji
100 1 _aDahl, Roald
_921034
245 1 0 _aLa Jirafa, el Pelícano y el Mono
260 _aMadrid :
_bAlfaguara; 1985
300 _a63 p.
490 _aAlfaguara Infantil
500 _aDesde 8 años.
590 _aForma de adquisición : Premio Mincultura
650 1 4 _aANIMALES - CUENTOS INFANTILES
_920047
650 1 4 _aCUENTOS INFANTILES NORUEGOS
_928333
942 _2ddc
_cBK
999 _c28741
_d28741